Virtuální polytechnická knihovna - Souborný katalog - Úplný záznam dokumentu - MARC Uživatel: --- 
-----nas  22-----zu 4500
001 SKVPK0031866
003 CZ-VPK
005 20260422133149.0
008 260422d19661971||||| | |||  ||   |||||||
040   $aABA013$bcze
222  0$aOffice Machine Guide : International edition
245 00$aOffice Machine Guide : International edition
260   $aNizozemsko :$bAmsterdam : International Office Machines Research,$c1966-
      1971
650 07$aobecnosti$xob$2psh
910   $aABA013$r1966-1971
OAI-PMH
 čtvrtek 14.05.2026 05:05:40 © 2001-2015 Národní technická knihovna 

[Virtuální polytechnická knihovna] [Servisní centrum] [Souborný katalog]